000 01442cam a2200373 a 4500
999 _c10938
_d10938
001 14764680
003 OSt
005 20191231101037.0
008 070312s2007 ii bf 001 0 eng
010 _a 2007394107
020 _a9780195669848
020 _a0195669843
025 _aI-E-2007-394107; 79-92
037 _bLibrary of Congress -- New Delhi Overseas Office
_cRs2750.00
040 _aDLC
_cDLC
_dDLC
042 _alcode
043 _aa-ii---
050 0 0 _aHC435.3
_b.O94 2007
082 _a330.954
_bBAS/O
245 0 4 _aThe Oxford companion to economics in India /
_cedited by Kaushik Basu.
246 3 0 _aEconomics in India
260 _aNew Delhi ;
_aNew York :
_bOxford Univ. Press,
_c2007.
300 _aix, 602 p. ;
_c29 cm.
_e1 CD-Rom.
504 _aIncludes bibliographical references and indexes.
520 _aContributed articles.
651 0 _aIndia
_xEconomic policy
_y1991-
_vHandbooks, manuals, etc.
651 0 _aIndia
_xEconomic conditions
_y1945-
_vHandbooks, manuals, etc.
700 1 _aBasu, Kaushik
_9669
856 4 2 _3Contributor biographical information
_uhttp://www.loc.gov/catdir/enhancements/fy0723/2007394107-b.html
856 4 2 _3Publisher description
_uhttp://www.loc.gov/catdir/enhancements/fy0907/2007394107-d.html
906 _a7
_bcbc
_corigode
_d3
_encip
_f20
_gy-gencatlg
942 _2ddc
_cREF
_h330.954
_iBAS/O
_k330.954
_mBAS/O